<?xml version='1.0' encoding='UTF-8'?>
  <record xmlns="http://www.loc.gov/MARC21/slim">
    <leader>00000ctm a22000007a 4500</leader>
    <controlfield tag="001">ocn965406558</controlfield>
    <controlfield tag="003">OCoLC</controlfield>
    <controlfield tag="005">20251215054451.1</controlfield>
    <controlfield tag="008">150320m14651472ne            000 0 lat d</controlfield>
    <datafield tag="040" ind1=" " ind2=" ">
      <subfield code="a">QGJ</subfield>
      <subfield code="b">dut</subfield>
      <subfield code="c">QGJ</subfield>
      <subfield code="d">QGJ</subfield>
      <subfield code="d">OCLCL</subfield>
      <subfield code="d">OCLCQ</subfield>
      <subfield code="d">QGJ</subfield>
    </datafield>
    <datafield tag="035" ind1=" " ind2=" ">
      <subfield code="a">(OCoLC)965406558</subfield>
    </datafield>
    <datafield tag="100" ind1="0" ind2=" ">
      <subfield code="a">Vincentius Bellovacensis.</subfield>
    </datafield>
    <datafield tag="245" ind1="1" ind2="0">
      <subfield code="a">Speculum historiale /</subfield>
      <subfield code="c">Vincentius Bellovacensis.</subfield>
      <subfield code="f">UBU Hs. 738 (Hs 4 A 5-8).</subfield>
    </datafield>
    <datafield tag="260" ind1=" " ind2=" ">
      <subfield code="a">[Deventer] :</subfield>
      <subfield code="b">[Heer Florenshuis?] ,</subfield>
      <subfield code="c">1465-1472.</subfield>
    </datafield>
    <datafield tag="300" ind1=" " ind2=" ">
      <subfield code="a">4 volumes (195, 306, 285 and 296 fols.) :</subfield>
      <subfield code="b">historiated initial, pen-flourished initials ;</subfield>
      <subfield code="c">398 x 295 mm.</subfield>
    </datafield>
    <datafield tag="336" ind1=" " ind2=" ">
      <subfield code="a">text</subfield>
      <subfield code="b">txt</subfield>
      <subfield code="2">rdacontent</subfield>
    </datafield>
    <datafield tag="337" ind1=" " ind2=" ">
      <subfield code="a">unmediated</subfield>
      <subfield code="b">n</subfield>
      <subfield code="2">rdamedia</subfield>
    </datafield>
    <datafield tag="338" ind1=" " ind2=" ">
      <subfield code="a">volume</subfield>
      <subfield code="b">nc</subfield>
      <subfield code="2">rdacarrier</subfield>
    </datafield>
    <datafield tag="340" ind1=" " ind2=" ">
      <subfield code="a">parchment</subfield>
      <subfield code="k">2 columns, 49 lines, littera hybrida.</subfield>
    </datafield>
    <datafield tag="500" ind1=" " ind2=" ">
      <subfield code="a">Preliminary title.</subfield>
    </datafield>
    <datafield tag="500" ind1=" " ind2=" ">
      <subfield code="a">In vol. 2 some folios are missing.</subfield>
    </datafield>
    <datafield tag="500" ind1=" " ind2=" ">
      <subfield code="a">The image at the beginning of vol. III (in the historiated initial) is possibly a depiction of the author.</subfield>
    </datafield>
    <datafield tag="500" ind1=" " ind2=" ">
      <subfield code="a">Dates are mentioned in the colophons of vols. I, II and IV. Possible localisation based on the style of the decoration.</subfield>
    </datafield>
    <datafield tag="500" ind1=" " ind2=" ">
      <subfield code="a">Possibly produced by the Brethren of the Common Life of SS. Mary, Gregory &amp; Jerome (Meester-Floris-huis/Fraterhuis), Deventer.</subfield>
    </datafield>
    <datafield tag="500" ind1=" " ind2=" ">
      <subfield code="a">A double leaf with a historiated initial originating from the prologue that is missing in part 1 of Hs. 738 (Hs 4 A 5), was auctioned at Sotheby's on Dec. 9th, 2025: Western Illuminated Manuscripts, no. 5.</subfield>
    </datafield>
    <datafield tag="524" ind1=" " ind2=" ">
      <subfield code="a">Cite as: Universiteitsbibliotheek Utrecht Hs. 738 (Hs 4 A 5-8).</subfield>
    </datafield>
    <datafield tag="581" ind1=" " ind2=" ">
      <subfield code="a">P.A. Tiele, Catalogus codicum manu scriptorum Bibliothecae Universitatis Rheno-Trajectinae. I. Trajecti ad Rhenum / Hagae Comitis 1887. P. 194.</subfield>
    </datafield>
    <datafield tag="581" ind1=" " ind2=" ">
      <subfield code="a">J.B. Voorbij, 'The Speculum Historiale: some aspects of its genesis and manuscript tradition', in: Vincent of Beauvais and Alexander the Great. Studies on the Speculum maius and its translations into medieval vernaculars. Ed. by W.J. Aerts, E.R. Smits &amp; J.B. Voorbij. Groningen 1986, p. xxx p. 24, nt. 31.</subfield>
    </datafield>
    <datafield tag="581" ind1=" " ind2=" ">
      <subfield code="a">M.-C. Duchenne, G.G. Guzman &amp; J.B. Voorbij, 'Une liste des manuscrits du Speculum Historiale de Vincent de Beauvais', in: Scriptorium 41 (1987), p. 286-294. P. 294.</subfield>
    </datafield>
    <datafield tag="581" ind1=" " ind2=" ">
      <subfield code="a">J.P. Gumbert, Manuscrits datés conservés dans les Pays-Bas. Vol. 2: Les manuscrits d'origine néerlandaise (XIVe-XVIe siècles) et Suppl. au tome premier. Leiden etc. 1988. P. 14 nt. 35, p. 210-211 nr. 714, pl. 747-748.</subfield>
    </datafield>
    <datafield tag="581" ind1=" " ind2=" ">
      <subfield code="a">K. van der Horst, Illuminated and decorated medieval manuscripts in the University Library, Utrecht. An illustrated catalogue. Maarssen / 's-Gravenhage 1989. P. 24 nr. 79, afb. 419-421.</subfield>
    </datafield>
    <datafield tag="581" ind1=" " ind2=" ">
      <subfield code="a">J.B. Voorbij, Het Speculum Historiale van Vincent van Beauvais: een studie van zijn ontstaansgeschiedenis. Dissertatie Groningen. S.l. 1991. P. 51, 53-54, 301-303, 324.</subfield>
    </datafield>
    <datafield tag="581" ind1=" " ind2=" ">
      <subfield code="a">A.G. Weiler, Volgens de norm van de vroege kerk. De geschiedenis van de huizen van de broeders van het Gemene Leven in Nederland. Nijmegen 1997. (= Middeleeuwse studies 13). P. 199.</subfield>
    </datafield>
    <datafield tag="581" ind1=" " ind2=" ">
      <subfield code="a">A.J. Geurts, 'Geschrieben im Fraterhaus zu Hulsbergen. Ein spätmittelalterliches Skriptorium und die Buchherstellung in der IJssel-Region', in: Sources for the history of medieval books and libraries. Ed. by R. Schlusemann, J.J.M. Hermans &amp; M.Hoogvliet. Groningen (2000), p. 221-243. (= Boekhistorische reeks 2). P. 235.</subfield>
    </datafield>
    <datafield tag="581" ind1=" " ind2=" ">
      <subfield code="a">A. Derolez, The palaeography of gothic manuscript books. From the twelfth to the early sixteenth century. Cambridge [etc.] 2003. (= Cambridge studies in palaeography and codicology 9) pl. 142.</subfield>
    </datafield>
    <datafield tag="530" ind1=" " ind2=" ">
      <subfield code="a">Also available in online version.</subfield>
    </datafield>
    <datafield tag="655" ind1=" " ind2="7">
      <subfield code="a">Handschriften (vorm)</subfield>
      <subfield code="0">088143309</subfield>
      <subfield code="2">gtt</subfield>
    </datafield>
    <datafield tag="710" ind1="2" ind2=" ">
      <subfield code="a">Kapittel van Ste Marie (Utrecht)</subfield>
      <subfield code="e">former owner.</subfield>
      <subfield code="4">fmo</subfield>
      <subfield code="5">NL-UtRU</subfield>
    </datafield>
    <datafield tag="758" ind1=" " ind2=" ">
      <subfield code="a">Speculum historiale UBU Hs. 738 (Hs 4 A 5-8) (Text)</subfield>
      <subfield code="1">https://id.oclc.org/worldcat/entity/E39PD3fCFDw37FPbgTrYhfDpKb</subfield>
      <subfield code="4">https://id.oclc.org/worldcat/ontology/hasWork</subfield>
    </datafield>
    <datafield tag="776" ind1="0" ind2="8">
      <subfield code="i">Online version:</subfield>
      <subfield code="a">Vincentius Bellovacensis.</subfield>
      <subfield code="t">Speculum historiale.</subfield>
      <subfield code="d">[Deventer?] : [Meester-Floris-huis/Fraterhuis?], 1465-1472.</subfield>
    </datafield>
    <datafield tag="856" ind1="4" ind2="2">
      <subfield code="u">http://objects.library.uu.nl/reader/resolver.php?obj=002655351&amp;type=2</subfield>
      <subfield code="x">Online</subfield>
      <subfield code="z">Full Text</subfield>
    </datafield>
    <datafield tag="936" ind1=" " ind2=" ">
      <subfield code="a">BATCHLOAD</subfield>
    </datafield>
  </record>